[Event "SA-2014-0-00417"]
[Site "LSS email"]
[Date "2014.07.17"]
[Round "?"]
[White "Carroll, Patrick J"]
[Black "Morcin, Tom"]
[Result "1/2-1/2"]
[WhiteElo "2042"]
[BlackElo "2116"]
[PlyCount "62"]
[EventDate "2014.07.02"]
[EventType "tourn (corr)"]
[EventRounds "6"]
[EventCountry "GER"]
[SourceTitle "Corr 2015"]
[Source "ChessBase"]
[SourceDate "2015.07.17"]
[SourceVersion "1"]
[SourceVersionDate "2015.07.17"]
[SourceQuality "1"]

1. d4 Nf6 2. c4 e6 3. Nc3 d5 4. Nf3 Be7 5. Bf4 0-0 6. e3 Nbd7 7. c5 c6 8. h3 b6 9. b4 a5 10. a3 Ne4 11. Nxe4 dxe4 12. Ne5 Nxe5 13. Bxe5 f6 14. Bg3 Qd5 15. Be2 Ba6 16. 0-0 axb4 17. axb4 Bxe2 18. Qxe2 b5 19. Qb2 Rfd8 20. Ra3 Rxa3 21. Qxa3 e5 22. dxe5 fxe5 23. Ra1 Bf6 24. Qa6 h5 25. h4 Kh7 26. Qb6 Qe6 27. Kh2 Qe8 28. Ra6 Rc8 29. Qb7 Kh6 30. Kh1 Kg6 31. Rb6 Kf5 1/2-1/2

[Event "SA-2014-0-00398"]
[Site "LSS email"]
[Date "2014.03.27"]
[Round "?"]
[White "Carroll, Patrick J"]
[Black "Jarabinsky, Martin"]
[Result "1/2-1/2"]
[WhiteElo "1965"]
[BlackElo "2126"]
[PlyCount "97"]
[EventDate "2014.02.15"]
[EventType "tourn (corr)"]
[EventRounds "6"]
[EventCountry "GER"]
[SourceTitle "Corr 2015"]
[Source "ChessBase"]
[SourceDate "2015.07.17"]
[SourceVersion "1"]
[SourceVersionDate "2015.07.17"]
[SourceQuality "1"]

1. e4 e5 2. Nf3 Nc6 3. Bb5 a6 4. Ba4 Nf6 5. 0-0 Be7 6. Re1 b5 7. Bb3 d6 8. c3 0-0 9. h3 Bb7 10. d4 Re8 11. Nbd2 exd4 12. cxd4 Nd7 13. Nf1 Na5 14. Bc2 c5 15. Ne3 cxd4 16. Nxd4 g6 17. Ng4 Ne5 18. Nh6+ Kg7 19. a4 b4 20. Qd2 Rc8 21. Rd1 b3 22. Bb1 Bf6 23. Kh1 Qb6 24. Qe3 Rc5 25. f3 d5 26. exd5 Nac4 27. Qxb3 Qxb3 28. Nxb3 Rxd5 29. Rf1 Rc8 30. Ng4 Nxg4 31. hxg4 h6 32. Bc2 Rd7 33. Rb1 Bd5 34. Na1 Bc6 35. b4 Rb7 36. a5 Bc3 37. Bd3 Bb5 38. Rf2 Ne5 39. Be4 Bc6 40. Re2 Bxe4 41. Rxe4 Nc4 42. Nc2 Kh7 43. Kh2 Nxa5 44. Bf4 Nc4 45. Rd1 g5 46. Bg3 Nd2 47. Re3 Rd7 48. Kh3 Kg6 49. Ree1 1/2-1/2

[Event "SA-2014-0-00398"]
[Site "LSS email"]
[Date "2014.03.27"]
[Round "?"]
[White "Carroll, Patrick J"]
[Black "Usmanoff, Rustam Pulatovich"]
[Result "0-1"]
[WhiteElo "1965"]
[BlackElo "2166"]
[PlyCount "86"]
[EventDate "2014.02.15"]
[EventType "tourn (corr)"]
[EventRounds "6"]
[EventCountry "GER"]
[SourceTitle "Corr 2015"]
[Source "ChessBase"]
[SourceDate "2015.07.17"]
[SourceVersion "1"]
[SourceVersionDate "2015.07.17"]
[SourceQuality "1"]

1. e4 c5 2. Nf3 Nc6 3. d4 cxd4 4. Nxd4 Nf6 5. Nc3 e5 6. Ndb5 d6 7. Bg5 a6 8. Na3 b5 9. Bxf6 gxf6 10. Nd5 f5 11. Bd3 Be6 12. 0-0 Bxd5 13. exd5 Ne7 14. Nxb5 Bg7 15. Nc3 e4 16. Bc4 0-0 17. Qh5 Qc7 18. Bb3 Bxc3 19. bxc3 f4 20. Ba4 Qxc3 21. Bd7 Rad8 22. Qg5+ Ng6 23. Bf5 Rde8 24. Rae1 e3 25. fxe3 Rxe3 26. Rd1 Qe5 27. Qg4 Kg7 28. Bd3 a5 29. Kh1 Re8 30. Qd7 Qf6 31. Qa7 Ne5 32. Bf5 Qg5 33. Bh3 Re2 34. Rf2 Ng6 35. Rxe2 Rxe2 36. Qxa5 Qe5 37. Bg4 Rxc2 38. Bf3 Qe3 39. Qb4 Rf2 40. Qb1 Ne5 41. Rg1 Rd2 42. Qf5 Rxa2 43. h3 h6 0-1

[Event "SA-2014-0-00397"]
[Site "LSS email"]
[Date "2014.03.22"]
[Round "?"]
[White "Carroll, Patrick J"]
[Black "Eshuis, Johannes"]
[Result "1/2-1/2"]
[WhiteElo "2042"]
[BlackElo "2055"]
[PlyCount "94"]
[EventDate "2014.02.09"]
[EventType "tourn (corr)"]
[EventRounds "6"]
[EventCountry "GER"]
[SourceTitle "Corr 2015"]
[Source "ChessBase"]
[SourceDate "2015.07.17"]
[SourceVersion "1"]
[SourceVersionDate "2015.07.17"]
[SourceQuality "1"]

1. d4 d5 2. c4 c6 3. Nf3 Nf6 4. e3 e6 5. Nc3 Nbd7 6. Bd2 Bd6 7. Bd3 0-0 8. 0-0 dxc4 9. Bxc4 a6 10. Bd3 c5 11. Qc2 h6 12. Rac1 Rb8 13. Rfd1 b5 14. a4 c4 15. Bf1 Bb7 16. axb5 Bxf3 17. gxf3 axb5 18. Ne4 Nxe4 19. fxe4 Qe7 20. d5 Qh4 21. f4 Bc5 22. Kh1 Nf6 23. Be1 Qh5 24. Qg2 Bxe3 25. Be2 Qg6 26. Qxg6 fxg6 27. Ra1 Bxf4 28. dxe6 Rfe8 29. Ra6 Be5 30. Kg2 Bxb2 31. Bb4 h5 32. Rd2 Be5 33. e7 Kh7 34. Re6 Bf4 35. Ra2 Ng8 36. h4 Be3 37. Bf3 Rbc8 38. Bd6 Bc5 39. e5 c3 40. Bb7 b4 41. Rc2 Bxd6 42. exd6 b3 43. Bxc8 bxc2 44. Re1 Rxc8 45. d7 Nxe7 46. dxc8Q Nxc8 47. Rc1 Nd6 1/2-1/2

[Event "SA-2013-0-00389"]
[Site "LSS email"]
[Date "2014.01.10"]
[Round "?"]
[White "Carroll, Patrick J"]
[Black "Van Hooff, Ruud"]
[Result "1/2-1/2"]
[WhiteElo "1965"]
[BlackElo "2136"]
[PlyCount "53"]
[EventDate "2013.12.30"]
[EventType "tourn (corr)"]
[EventRounds "6"]
[EventCountry "GER"]
[SourceTitle "Corr 2015"]
[Source "ChessBase"]
[SourceDate "2015.07.17"]
[SourceVersion "1"]
[SourceVersionDate "2015.07.17"]
[SourceQuality "1"]

1. e4 e6 2. d4 d5 3. Nc3 Bb4 4. e5 c5 5. a3 Bxc3+ 6. bxc3 Ne7 7. Qg4 cxd4 8. Qxg7 Rg8 9. Qxh7 Qc7 10. Ne2 Nbc6 11. f4 dxc3 12. h4 b6 13. Rh3 d4 14. Rg3 Rf8 15. a4 Bb7 16. Ba3 0-0-0 17. Rd1 Nf5 18. Bxf8 Rxf8 19. Rgd3 Qd8 20. g3 Kb8 21. Bg2 Qc7 22. Kf2 Nb4 23. Bxb7 Nxd3+ 24. Rxd3 Qxb7 25. g4 Ne3 26. Nxd4 Qg2+ 27. Kxe3 1/2-1/2

[Event "CP-2012-Q-00014"]
[Site "LSS email"]
[Date "2013.12.17"]
[Round "?"]
[White "Szymanski, Robert"]
[Black "Carroll, Patrick J"]
[Result "1/2-1/2"]
[WhiteElo "2396"]
[BlackElo "2042"]
[PlyCount "90"]
[EventDate "2013.12.22"]
[EventType "tourn (corr)"]
[EventRounds "6"]
[EventCountry "GER"]
[SourceTitle "Corr 2015"]
[Source "ChessBase"]
[SourceDate "2015.07.17"]
[SourceVersion "1"]
[SourceVersionDate "2015.07.17"]
[SourceQuality "1"]

1. e4 c5 2. Ne2 Nf6 3. Nbc3 d5 4. exd5 Nxd5 5. Nxd5 Qxd5 6. Nc3 Qe5+ 7. Qe2 Qxe2+ 8. Bxe2 Nc6 9. Nb5 Rb8 10. 0-0 e5 11. d3 a6 12. Nc3 f5 13. f4 Bd6 14. fxe5 Bxe5 15. Bf3 Kf7 16. Bd5+ Kg6 17. Re1 Kf6 18. Bxc6 Bd4+ 19. Be3 bxc6 20. Rab1 g5 21. Na4 Rb5 22. Re2 h5 23. Rbe1 h4 24. Bxd4+ cxd4 25. Re7 f4 26. Rc7 h3 27. Rxc6+ Kf5 28. gxh3 Bb7 29. Rc5+ Bd5 30. c4 dxc3 31. bxc3 Rxc5 32. Nxc5 Rxh3 33. c4 Bg8 34. Re7 g4 35. Rg7 Be6 36. Ra7 Bg8 37. a4 Ke5 38. Rg7 Bh7 39. Nd7+ Kd4 40. Rxg4 Bxd3 41. Rxf4+ Ke3 42. Rg4 Be2 43. Rg6 Bxc4 44. Kg2 Rf3 45. Ne5 Bf1+ 1/2-1/2

[Event "CP-2012-Q-00014"]
[Site "LSS email"]
[Date "2013.12.17"]
[Round "?"]
[White "Von der Heydt, Hans Joachim"]
[Black "Carroll, Patrick J"]
[Result "1-0"]
[WhiteElo "1995"]
[BlackElo "2042"]
[PlyCount "45"]
[EventDate "2013.12.22"]
[EventType "tourn (corr)"]
[EventRounds "6"]
[EventCountry "GER"]
[SourceTitle "Corr 2015"]
[Source "ChessBase"]
[SourceDate "2015.07.17"]
[SourceVersion "1"]
[SourceVersionDate "2015.07.17"]
[SourceQuality "1"]

1. e4 e5 2. Nf3 Nc6 3. Bb5 a6 4. Ba4 Nf6 5. 0-0 Be7 6. Re1 b5 7. Bb3 0-0 8. h3 d6 9. c3 Re8 10. d4 h6 11. Nbd2 Bf8 12. Nf1 Bd7 13. Ng3 Na5 14. Bc2 c5 15. b3 Nc6 16. d5 Ne7 17. Be3 Ng6 18. Qd2 h5 19. Bg5 Be7 20. Rab1 Qa5 21. Bd1 Rec8 22. Be2 Ng4 23. Bxe7 1-0

[Event "SM-2013-0-00271"]
[Site "LSS email"]
[Date "2013.09.23"]
[Round "?"]
[White "Carroll, Patrick J"]
[Black "Zlotkowski, Arkadiusz"]
[Result "0-1"]
[WhiteElo "2041"]
[BlackElo "2211"]
[PlyCount "58"]
[EventDate "2013.08.25"]
[EventType "tourn (corr)"]
[EventRounds "6"]
[EventCountry "GER"]
[SourceTitle "Telechess CBM 167"]
[Source "ChessBase"]
[SourceDate "2015.07.13"]
[SourceVersion "1"]
[SourceVersionDate "2015.07.13"]
[SourceQuality "1"]

1. e4 c5 2. Nf3 d6 3. d4 cxd4 4. Nxd4 Nf6 5. Nc3 a6 6. Be3 e5 7. Nb3 Be6 8. f3 h5 9. Nd5 Bxd5 10. exd5 Nbd7 11. Qd2 g6 12. Be2 Bg7 13. 0-0 b6 14. Rad1 Qc7 15. c3 0-0 16. g4 Nc5 17. Nxc5 bxc5 18. g5 Nd7 19. b3 Nb6 20. Rb1 Rfe8 21. Kg2 Qd7 22. Qd3 Qb7 23. Rfd1 a5 24. Qe4 Reb8 25. a4 Nc8 26. Bb5 Ne7 27. Bf2 Rc8 28. b4 axb4 29. Rxb4 cxb4 0-1

[Event "SA-2013-0-00363"]
[Site "LSS email"]
[Date "2013.08.24"]
[Round "?"]
[White "Carroll, Patrick J"]
[Black "Rutten, David"]
[Result "1/2-1/2"]
[WhiteElo "2042"]
[BlackElo "2218"]
[PlyCount "83"]
[EventDate "2013.08.09"]
[EventType "tourn (corr)"]
[EventRounds "6"]
[EventCountry "GER"]
[SourceTitle "Corr 2015"]
[Source "ChessBase"]
[SourceDate "2015.07.17"]
[SourceVersion "1"]
[SourceVersionDate "2015.07.17"]
[SourceQuality "1"]

1. e4 c5 2. Nf3 d6 3. d4 cxd4 4. Nxd4 Nf6 5. Nc3 a6 6. Be3 e5 7. Nb3 Be7 8. f3 Be6 9. Qd2 0-0 10. 0-0-0 a5 11. a4 Nc6 12. g4 Nb4 13. Kb1 Rc8 14. g5 Nh5 15. Rg1 g6 16. Bb5 Qc7 17. Qf2 Nf4 18. Bxf4 exf4 19. h4 Rfd8 20. Nd5 Nxd5 21. exd5 Bf5 22. Nd4 Bd7 23. Rge1 Bf8 24. Bxd7 Qxd7 25. Nb5 Bg7 26. Re4 Rc5 27. b3 Qf5 28. c4 Be5 29. Nd4 Qd7 30. Qh2 Re8 31. h5 Bxd4 32. Rdxd4 Rxe4 33. Rxe4 gxh5 34. Qxh5 Rc8 35. Kb2 Re8 36. Qg4 Qd8 37. Qxf4 Rxe4 38. fxe4 Qb6 39. e5 dxe5 40. Qxe5 Qf2+ 41. Kc3 Qf3+ 42. Kc2 1/2-1/2

[Event "RA-2013-0-00279"]
[Site "LSS email"]
[Date "2013.07.15"]
[Round "?"]
[White "Keevil, Paul"]
[Black "Carroll, Patrick J"]
[Result "1/2-1/2"]
[WhiteElo "2069"]
[BlackElo "2060"]
[PlyCount "68"]
[EventDate "2013.06.20"]
[EventType "tourn (corr)"]
[EventRounds "6"]
[EventCountry "GER"]
[SourceTitle "Telechess CBM 163"]
[Source "ChessBase"]
[SourceDate "2014.11.11"]
[SourceVersion "2"]
[SourceVersionDate "2014.11.11"]
[SourceQuality "1"]

1. e4 c5 2. Nf3 d6 3. d4 cxd4 4. Nxd4 Nf6 5. Nc3 a6 6. Nb3 e5 7. Bg5 Be7 8. Bxf6 Bxf6 9. Qd3 Be6 10. Rd1 Be7 11. Nd5 Nc6 12. c3 Bg5 13. g3 h5 14. h4 Bh6 15. Bh3 0-0 16. Qe2 Bxh3 17. Rxh3 Ne7 18. Nxe7+ Qxe7 19. Qxh5 a5 20. Qe2 a4 21. Na1 Qe6 22. g4 Bf4 23. a3 Qa2 24. Rhd3 Rac8 25. Rxd6 Rc6 26. R6d5 Rb6 27. Rb5 Rxb5 28. Qxb5 Qe6 29. Qe2 Qa2 30. Kf1 g6 31. Qb5 Qe6 32. Qd7 Qc4+ 33. Qd3 Qe6 34. Qf3 Qc4+ 1/2-1/2

[Event "RA-2013-0-00279"]
[Site "LSS email"]
[Date "2013.07.15"]
[Round "?"]
[White "Ortiz, Manuel"]
[Black "Carroll, Patrick J"]
[Result "1/2-1/2"]
[WhiteElo "2095"]
[BlackElo "2060"]
[PlyCount "87"]
[EventDate "2013.06.20"]
[EventType "tourn (corr)"]
[EventRounds "6"]
[EventCountry "GER"]
[SourceTitle "Telechess CBM 163"]
[Source "ChessBase"]
[SourceDate "2014.11.11"]
[SourceVersion "2"]
[SourceVersionDate "2014.11.11"]
[SourceQuality "1"]

1. e4 c5 2. Nf3 d6 3. Bb5+ Bd7 4. Bxd7+ Qxd7 5. 0-0 Nc6 6. c3 Nf6 7. d4 Nxe4 8. d5 Ne5 9. Re1 Nxf3+ 10. Qxf3 Nf6 11. c4 Qg4 12. Qc3 Qd7 13. Qf3 Qg4 14. Qb3 0-0-0 15. h3 Qf5 16. Qa3 Kb8 17. b4 e6 18. Nc3 exd5 19. bxc5 d4 20. c6 Qc5 21. Nd5 Nxd5 22. cxd5 Qxa3 23. Bxa3 bxc6 24. Rab1+ Ka8 25. dxc6 Rc8 26. Bb2 d3 27. c7 Rg8 28. Bc3 g5 29. Re3 d5 30. Rb8+ Rxb8 31. cxb8Q+ Kxb8 32. Re8+ Kc7 33. Kf1 Kd7 34. Rb8 Kc7 35. Ra8 Kb7 36. Rd8 Kc6 37. Bb4 Bxb4 38. Rxg8 h6 39. Rh8 Kc5 40. Rxh6 Kd4 41. Rc6 a5 42. Rc7 a4 43. g3 f5 44. Rf7 1/2-1/2

[Event "RA-2013-0-00271"]
[Site "LSS email"]
[Date "2013.05.29"]
[Round "?"]
[White "Husemann, Andreas"]
[Black "Carroll, Patrick J"]
[Result "1/2-1/2"]
[WhiteElo "2091"]
[BlackElo "2088"]
[PlyCount "36"]
[EventDate "2013.04.21"]
[EventType "tourn (corr)"]
[EventRounds "6"]
[EventCountry "GER"]
[SourceTitle "Corr 2015"]
[Source "ChessBase"]
[SourceDate "2015.07.17"]
[SourceVersion "1"]
[SourceVersionDate "2015.07.17"]
[SourceQuality "1"]

1. d4 Nf6 2. c4 e6 3. Nc3 Bb4 4. Qc2 0-0 5. a3 Bxc3+ 6. Qxc3 b6 7. Bg5 Bb7 8. f3 h6 9. Bh4 d5 10. e3 Re8 11. Bd3 Nbd7 12. Ne2 e5 13. 0-0 c5 14. Rae1 cxd4 15. exd4 Rc8 16. Bf5 Rxc4 17. Qd2 Nc5 18. Bf2 Nb3 1/2-1/2

[Event "RA-2013-0-00271"]
[Site "LSS email"]
[Date "2013.05.29"]
[Round "?"]
[White "Panov, Sergey Ivanovich"]
[Black "Carroll, Patrick J"]
[Result "1/2-1/2"]
[WhiteElo "2159"]
[BlackElo "2088"]
[PlyCount "65"]
[EventDate "2013.04.21"]
[EventType "tourn (corr)"]
[EventRounds "6"]
[EventCountry "GER"]
[SourceTitle "Telechess CBM 161"]
[Source "ChessBase"]
[SourceDate "2014.07.16"]
[SourceVersion "1"]
[SourceVersionDate "2014.07.16"]
[SourceQuality "1"]

1. Nf3 c5 2. c4 Nc6 3. Nc3 e5 4. g3 g6 5. Bg2 Bg7 6. a3 a5 7. 0-0 d6 8. d3 Nge7 9. Rb1 0-0 10. Bd2 h6 11. Ne1 Be6 12. Nd5 Ra7 13. b4 cxb4 14. axb4 a4 15. b5 Bxd5 16. cxd5 Nd4 17. Nc2 Nb3 18. Bb4 Qd7 19. Na1 Nd4 20. b6 Ra6 21. Bd2 Rc8 22. e3 Nb5 23. Rc1 Rca8 24. Rc4 a3 25. Qb3 a2 26. Rb4 Ra5 27. Qb2 e4 28. d4 Nxd5 29. Rb3 Nxb6 30. Bxa5 Rxa5 31. Rc1 d5 32. Qd2 Ra4 33. Rb4 1/2-1/2

[Event "RA-2013-0-00269"]
[Site "LSS email"]
[Date "2013.05.15"]
[Round "?"]
[White "Carroll, Patrick J"]
[Black "Sacerdotali, Sergio"]
[Result "1/2-1/2"]
[WhiteElo "2088"]
[BlackElo "2100"]
[PlyCount "49"]
[EventDate "2013.03.28"]
[EventType "tourn (corr)"]
[EventRounds "6"]
[EventCountry "GER"]
[SourceTitle "Telechess CBM 161"]
[Source "ChessBase"]
[SourceDate "2014.07.16"]
[SourceVersion "1"]
[SourceVersionDate "2014.07.16"]
[SourceQuality "1"]

1. d4 Nf6 2. c4 e6 3. Nf3 d5 4. g3 dxc4 5. Bg2 c5 6. 0-0 Nc6 7. Qa4 Bd7 8. dxc5 Na5 9. Qa3 Rc8 10. b4 cxb3 11. axb3 Rxc5 12. Qb2 Be7 13. Be3 Rb5 14. Nd4 Rb4 15. Qa2 Nc6 16. Nxc6 Bxc6 17. Bxc6+ bxc6 18. Qc2 0-0 19. Rxa7 Nd5 20. Bd2 Rb8 21. Qxc6 Rxb3 22. Nc3 Nf6 23. Bf4 h6 24. Qc4 Rb4 25. Qc7 1/2-1/2

[Event "RA-2013-0-00269"]
[Site "LSS email"]
[Date "2013.05.14"]
[Round "?"]
[White "Torell, Harald"]
[Black "Carroll, Patrick J"]
[Result "1/2-1/2"]
[WhiteElo "2157"]
[BlackElo "2088"]
[PlyCount "35"]
[EventDate "2013.03.28"]
[EventType "tourn (corr)"]
[EventRounds "6"]
[EventCountry "GER"]
[SourceTitle "Corr 2015"]
[Source "ChessBase"]
[SourceDate "2015.07.17"]
[SourceVersion "1"]
[SourceVersionDate "2015.07.17"]
[SourceQuality "1"]

1. e4 c5 2. Nf3 d6 3. d4 cxd4 4. Nxd4 Nc6 5. Nc3 Nf6 6. Be2 g6 7. 0-0 Bg7 8. Nb3 0-0 9. Bg5 Be6 10. Kh1 Rc8 11. f4 a6 12. Qd2 b5 13. f5 Bd7 14. a4 b4 15. Bxf6 Bxf6 16. Nd5 Bxb2 17. Rab1 Be5 18. Bxa6 1/2-1/2

[Event "RA-2013-0-00268"]
[Site "LSS email"]
[Date "2013.04.27"]
[Round "?"]
[White "Benassi, Aspasio"]
[Black "Carroll, Patrick J"]
[Result "0-1"]
[WhiteElo "2112"]
[BlackElo "2088"]
[PlyCount "86"]
[EventDate "2013.03.21"]
[EventType "tourn (corr)"]
[EventRounds "6"]
[EventCountry "GER"]
[SourceTitle "Telechess CBM 161"]
[Source "ChessBase"]
[SourceDate "2014.07.16"]
[SourceVersion "1"]
[SourceVersionDate "2014.07.16"]
[SourceQuality "1"]

1. b4 e5 2. Bb2 Bxb4 3. Bxe5 Nf6 4. Nf3 0-0 5. e3 d5 6. Be2 c5 7. Nc3 Ne4 8. Bd3 Re8 9. Ne2 Nxd2 10. Nxd2 Rxe5 11. 0-0 Nc6 12. Nf3 Re8 13. c4 dxc4 14. Bxc4 Qxd1 15. Rfxd1 Be6 16. Bxe6 Rxe6 17. Kf1 Rc8 18. Nf4 Ree8 19. Nd3 b6 20. Nxb4 Nxb4 21. Rd7 Nc6 22. Rad1 Red8 23. Ke1 c4 24. Rxd8+ Rxd8 25. Rxd8+ Nxd8 26. Kd2 b5 27. Kc3 Nc6 28. Ng5 Ne5 29. Ne4 Nd3 30. h3 Kf8 31. Kd4 Ke7 32. Nc3 a6 33. a4 bxa4 34. Nxa4 Nxf2 35. Nb6 c3 36. Kxc3 Kd6 37. Kd4 Kc6 38. Nd5 a5 39. Nc3 f5 40. Kc4 g6 41. Kb3 Kc5 42. Na4+ Kd6 43. Kc2 Ne4 0-1

[Event "WC-2014-T-00002"]
[Site "LSS email"]
[Date "2012.12.29"]
[Round "?"]
[White "Carroll, Patrick J"]
[Black "Nichols, Scott"]
[Result "1/2-1/2"]
[WhiteElo "2088"]
[BlackElo "2248"]
[PlyCount "54"]
[EventDate "2013.01.02"]
[EventType "tourn (corr)"]
[EventRounds "10"]
[EventCountry "GER"]
[SourceTitle "Telechess CBM 167"]
[Source "ChessBase"]
[SourceDate "2015.07.13"]
[SourceVersion "1"]
[SourceVersionDate "2015.07.13"]
[SourceQuality "1"]

1. e4 d5 2. exd5 Qxd5 3. Nc3 Qd6 4. d4 Nf6 5. Nf3 a6 6. g3 Bg4 7. h3 Bh5 8. Bg2 Nc6 9. 0-0 0-0-0 10. Bf4 Qb4 11. g4 Bg6 12. a3 Qxb2 13. Qe1 e6 14. Ne5 Nd5 15. Nxd5 exd5 16. Nxc6 bxc6 17. Qa5 Bd6 18. Qxa6+ Qb7 19. Qxb7+ Kxb7 20. Rfb1+ Ka7 21. Bxd6 Rxd6 22. Ra2 Rb8 23. Rxb8 Kxb8 24. Rb2+ Ka7 25. Bf3 f5 26. Kf1 h6 27. Bd1 Re6 1/2-1/2

[Event "RA-2012-0-00247"]
[Site "LSS email"]
[Date "2012.11.09"]
[Round "?"]
[White "Carroll, Patrick J"]
[Black "Morcin, Tom"]
[Result "1/2-1/2"]
[WhiteElo "2099"]
[BlackElo "2103"]
[PlyCount "76"]
[EventDate "2012.10.25"]
[EventType "tourn (corr)"]
[EventRounds "6"]
[EventCountry "GER"]
[SourceTitle "Telechess CBM 163"]
[Source "ChessBase"]
[SourceDate "2014.11.11"]
[SourceVersion "2"]
[SourceVersionDate "2014.11.11"]
[SourceQuality "1"]

1. d4 Nf6 2. c4 e6 3. Nf3 d5 4. Nc3 Be7 5. Bf4 0-0 6. e3 c5 7. dxc5 Bxc5 8. a3 Nc6 9. Qc2 Qa5 10. 0-0-0 Be7 11. h4 a6 12. Ng5 Rd8 13. cxd5 exd5 14. e4 Nxe4 15. Ncxe4 dxe4 16. Rxd8+ Nxd8 17. Bc4 Bf5 18. g4 Bxg5 19. Bxg5 Bxg4 20. Qxe4 Be6 21. Rd1 Qc5 22. b4 Qxc4+ 23. Qxc4 Bxc4 24. Rxd8+ Rxd8 25. Bxd8 f6 26. Kd2 Kf7 27. Ke3 h6 28. Bb6 Ke6 29. h5 Kf5 30. Bc5 Kg4 31. Bf8 Kxh5 32. Bxg7 Kg5 33. a4 Bb3 34. a5 h5 35. f3 Bc4 36. Kf2 f5 37. Bf8 f4 38. Kg2 Be6 1/2-1/2

[Event "RA-2012-0-00247"]
[Site "LSS email"]
[Date "2012.11.09"]
[Round "?"]
[White "Kolanek, Roman"]
[Black "Carroll, Patrick J"]
[Result "1-0"]
[WhiteElo "2089"]
[BlackElo "2099"]
[PlyCount "69"]
[EventDate "2012.10.25"]
[EventType "tourn (corr)"]
[EventRounds "6"]
[EventCountry "GER"]
[SourceTitle "Telechess CBM 163"]
[Source "ChessBase"]
[SourceDate "2014.11.11"]
[SourceVersion "2"]
[SourceVersionDate "2014.11.11"]
[SourceQuality "1"]

1. d4 Nf6 2. c4 e6 3. Nf3 d5 4. Nc3 c6 5. e3 Nbd7 6. Qc2 Bd6 7. Bd3 0-0 8. 0-0 dxc4 9. Bxc4 b5 10. Bd3 Bb7 11. Ng5 Bxh2+ 12. Kxh2 Ng4+ 13. Kg1 Qxg5 14. f3 Ngf6 15. e4 Qh4 16. Be3 Nh5 17. Ne2 h6 18. a4 a6 19. Qc3 Ng3 20. Nxg3 Qxg3 21. Rfd1 Rfd8 22. a5 Nf6 23. Bf2 Qg5 24. Qe1 Rd7 25. Rac1 e5 26. Rc5 Nh7 27. Rxe5 Qg6 28. Be3 Rad8 29. Bc2 Nf8 30. b4 Qd6 31. f4 Ne6 32. f5 Nc7 33. Bf4 Qf8 34. Qg3 f6 35. Rc5 1-0